Large Metro, Small Country Quiz Stats

Quiz Updated Feb 18, 2016

Challenge
Share
Tweet
Embed
Score 0/30 Timer 07:00
22 Plays Today
World Rank Metro Area % Correct
57.Singapore, Singapore
64.7%
209.Amsterdam, Netherlands
61%
192.Lisbon, Portugal
60.3%
138.Athens, Greece
52.4%
233.Vienna, Austria
51.8%
117.Dubai, United Arab Emirates
48.3%
224.Havana, Cuba
47.7%
194.Quito, Ecuador
47.5%
193.Budapest, Hungary
46.2%
54.Santiago, Chile
45.9%
136.Damascus, Syria
39%
197.Tel Aviv, Israel
34.3%
173.Port-au-Prince, Haiti
33.9%
197.Tunis, Tunisia
33.8%
163.Guatemala City, Guatemala
29.6%
World Rank Metro Area % Correct
155.Rotterdam, Netherlands
28.7%
227.Asunción, Paraguay
28.3%
129.Santo Domingo, Dominican Republic
28%
141.Amman, Jordan
25.7%
240.Aleppo, Syria
22.3%
145.Dakar, Senegal
22.3%
205.Baku, Azerbaijan
19.7%
60.Luanda, Angola
16.8%
214.Harare, Zimbabwe
16.3%
224.Conakry, Guinea
15.5%
217.Lusaka, Zambia
13.6%
167.Bamako, Mali
11.8%
163.Guayaquil, Ecuador
11.1%
185.Yaoundé, Cameroon
9.6%
175.Douala, Cameroon
5.7%

You're not logged in!

Compare scores with friends on all Sporcle quizzes.
Join for Free
OR
Log In

You Might Also Like...

Show Comments

Extras

Top Quizzes Today


Score Distribution

Your Account Isn't Verified!

In order to create a playlist on Sporcle, you need to verify the email address you used during registration. Go to your Sporcle Settings to finish the process.

Report this User

Report this user for behavior that violates our Community Guidelines.

Details: